| 000 | 00652nam a2200169 a 4500 | ||
|---|---|---|---|
| 005 | 20141022142009.0 | ||
| 008 | 110725s19uu xx 00 eng d | ||
| 020 | _a9781416608424 | ||
| 022 | _a18009332723 | ||
| 050 |
_aEDUC 373.1004 _bBr878 2009 |
||
| 100 | _aBrown, John | ||
| 245 |
_a21st century skills: _bpromoting creativity & innovation in the classroom. |
||
| 260 |
_aVirginia, USA : _bAssociation for Supervisionand Curriculum Development, _c2009. |
||
| 520 | _aThis provides complete professional daevelopment program. Downloading of files can be accessed from the DVD menu. | ||
| 650 | _aTeaching-Application-Innovations. | ||
| 942 | _cAVM | ||
| 999 |
_c276681 _d276681 |
||